40 Ways to teach your child values. (Record no. 14696)

000 -LEADER
fixed length control field 00607nam a2200205 a 4500
001 - CONTROL NUMBER
control field :::00012529$&:&@@
003 - CONTROL NUMBER IDENTIFIER
control field OkBaRHE
005 - DATE AND TIME OF LATEST TRANSACTION
control field 20000607103420.0
008 - FIXED-LENGTH DATA ELEMENTS--GENERAL INFORMATION
fixed length control field s1987 j 000 0 eng u
040 ## - CATALOGING SOURCE
Transcribing agency
100 1# - MAIN ENTRY--PERSONAL NAME
Personal name Lewis, Paul.
245 10 - TITLE STATEMENT
Title 40 Ways to teach your child values.
260 ## - PUBLICATION, DISTRIBUTION, ETC. (IMPRINT)
Place of publication, distribution, etc Wheaton, IL., :
Name of publisher, distributor, etc Tyndale House
Date of publication, distribution, etc 1987
300 ## - PHYSICAL DESCRIPTION
Extent 191 p. : photos ;
Dimensions 21 cm.
650 ## - SUBJECT ADDED ENTRY--TOPICAL TERM
Topical term or geographic name as entry element Children
General subdivision Management
650 ## - SUBJECT ADDED ENTRY--TOPICAL TERM
Topical term or geographic name as entry element Parent and Child
650 ## - SUBJECT ADDED ENTRY--TOPICAL TERM
Topical term or geographic name as entry element Parenting
942 ## - ADDED ENTRY ELEMENTS (KOHA)
Source of classification or shelving scheme
Koha item type Books
Copies
Copy number Full call number Koha item type Price effective from Source of classification or shelving scheme Date last seen Shelving location Not for loan Lost status Damaged status Barcode Date acquired Withdrawn status Permanent Location
1HQ 755.8 .L4Books2010-04-14 2010-04-14General Stacks   125292010-04-14 RHEMA Bible Training College